| 000 | 00982pam a2200289 a 4500 | ||
|---|---|---|---|
| 001 | 3832 | ||
| 005 | 20240515153850.0 | ||
| 020 | _a0439271096 | ||
| 040 |
_aDLC _cDLC _dDLC _beng |
||
| 050 | 0 | 0 |
_aT339.E75 _b1997 |
| 082 | 0 | 0 | _a608 |
| 100 | 1 | _aErlbach, Arlene | |
| 245 | 1 | 4 |
_aThe kids' invention book / _cby Arlene Erlbach |
| 260 |
_aNew York : _bScholastic ; _c1997 |
||
| 300 |
_a64 pages : _bcolor illustrations ; _c24 cm. |
||
| 505 | _aR | ||
| 520 | _aProfiles eleven inventors between the ages of eight and fourteen, describes the steps involved in inventing a new product, and discusses contests, patents, lawyers, and clubs. | ||
| 521 |
_a760
_bLexile |
||
| 521 |
_aR
_bRaz-Plus |
||
| 650 | 0 |
_aInventions _xJuvenile literature. |
|
| 650 | 0 |
_aChildren as inventors _xJuvenile literature. |
|
| 650 | 1 | _aInventions. | |
| 650 | 1 | _aChildren as inventors. | |
| 650 | 1 | _aInventors. | |
| 906 |
_a7 _bcbc _corignew _d1 _eocip _f19 _gy-gencatlg |
||
| 942 |
_2ddc _cBK _n0 |
||
| 999 |
_c3832 _d3832 |
||